00594 2200217 4500001002300000005001700023006001900040008004100059035002500100040001200125082001400137084001400151090002600165100003300191245002600224260004400250300003200294850001500326990001100341990002400352NBPULOB00000000001090520140716101755.0a ||| | 161121| ||| |  a0010-071400000001311 aNPBULOB0 a398.Rah.c a398.Rah.c a300 / Ruang Baca Anak0 aMb. Rahimsyah & Irsyadu Anam00aCerita Rakyat Jakarta aSurabayabMitra Cindekia Surabayac2002 a64 HalmbIlusc20,5 x 15 cm aKPAD Lobar a12.503 a12.506 / Sumb /2007